[Event "EICC 2017"]
[Site "Minsk"]
[Date "2017.06.07"]
[Round "8"]
[White "Mista, Aleksander"]
[Black "Hamitevici, Vladimir"]
[Result "0-1"]
[WhiteElo "2606"]
[BlackElo "2487"]
[Annotator "TA"]
[PlyCount "102"]
[EventDate "2017.??.??"]
[EventCountry "BLR"]
[SourceTitle "playchess.com"]
[Source "ChessBase"]
[SourceQuality "1"]

{[%evp 11,102,33,37,31,46,18,29,40,68,7,0,0,18,11,15,-28,-29,-45,-25,-58,-45,-41,-29,-25,-25,-42,-17,-52,-58,-61,-42,-45,-5,-24,-8,-61,-28,-56,-16,-23,0,0,8,-44,11,-16,-16,-16,-18,-81,-87,-88,-75,-81,-83,-178,-172,-191,-190,-218,-214,-205,-206,-359,-348,-404,-395,-380,-344,-437,-435,-483,-486,-470,-441,-653,-633,-692,-690,-676,-670,-677,-670,-645,-638,-850,-833,-898,-895,-893,-885,-865,-848]} 1. e4 c6 2. d4 d5 3. Nc3 dxe4 4. Nxe4 Nf6 5. Nxf6+ exf6 6. c3 {B15: Caro-Kann: 3 Nc3: 3...g6 and 3...dxe4 4 Nxe4 Nf6 5 Nxf6+ exf6} Qd5 {LiveBook: 4 Games} (6... Bf5 7. Bd3 Bxd3 8. Qxd3 Bd6 9. Qe3+ Qe7 10. Nf3 Nd7 11. Qxe7+ Kxe7 12. Be3 Nb6 13. O-O-O Kd7 14. Rhe1 Nd5 {½-½ (50) Wei,Y (2707)-Rapport,R (2717) Yancheng 2016}) 7. Bf4 Be7 $146 ({Predecessor:} 7... Bf5 8. Nf3 Nd7 9. Be2 Bd6 10. Bxd6 Qxd6 11. O-O O-O 12. Re1 Rfe8 13. Qb3 b6 {1-0 (31) Drogi,G (2157)-Formby,C (1986) IECG email 1998}) 8. Qf3 {White is slightly better.} Be6 9. Qxd5 cxd5 10. Bxb8 (10. O-O-O $14) 10... Rxb8 $11 11. Bb5+ Kf8 12. Ne2 Bd6 13. O-O g6 14. f4 Kg7 15. Rae1 a6 16. Bd3 Rhe8 17. Nc1 Bd7 18. Re2 a5 19. g3 Rec8 20. f5 b6 21. Ref2 Rf8 22. Ne2 b5 23. g4 (23. fxg6 $11 fxg6 24. Nf4) 23... Rbe8 24. h4 Re3 25. Rf3 Rfe8 {Threatens to win with ...Rxd3!} 26. Kf2 $1 R3e7 $132 {[%mdl 2048] Black is not keeping still} 27. Ke1 (27. Ng3 $11) 27... h5 ({Black should play} 27... b4 $15) 28. gxh5 (28. g5 $5 {[%cal Rg5f6]} gxf5 29. gxf6+ Kxf6 30. Kd2 $11) 28... gxh5 29. Kd2 Kh6 30. Rg1 (30. a3 $11 {keeps the balance.}) 30... b4 $17 31. Rg2 a4 32. cxb4 Bxb4+ 33. Nc3 {[#]} (33. Kc2 $17) 33... a3 $1 $19 {[%cal Ra3b2]} 34. bxa3 Ba5 35. Bc2 Rc8 36. Rgg3 Rc4 37. Rf4 $2 {[#]} (37. Kc1 {was called for.}) 37... Bb5 $1 38. Rff3 Rxd4+ 39. Kc1 Bc4 40. Rg8 Rxh4 {Black is clearly winning.} 41. Bd1 {intending Rfg3.} Bc7 42. Rf2 d4 {[%cal Bd5d4,Bd4d3][%mdl 32]} 43. Ne2 (43. Kc2 $142 Kh7 44. Rfg2) 43... d3 44. Rfg2 {[%cal Rg8h8]} Rg4 $1 45. R2xg4 hxg4 {[%cal Bh5g4,Bg4g3][%mdl 32]} 46. Nd4 g3 47. Rg4 Ba6 48. Nc6 Re1 49. Nb4 Bb7 50. Rh4+ Kg7 {Strongly threatening ...Bf3.} ({Inferior is} 50... Kg5 51. Rh5+ Kf4 52. Nxd3+ Ke3 53. Nxe1 $11) 51. Nxd3 Rf1 {Precision: White = 35%, Black = 54%.} 0-1

[Event "EICC 2017"]
[Site "Minsk"]
[Date "2017.06.07"]
[Round "8"]
[White "Fridman, Daniel"]
[Black "Jones, Gawain C B"]
[Result "1/2-1/2"]
[WhiteElo "2605"]
[BlackElo "2654"]
[Annotator "TA"]
[PlyCount "85"]
[EventDate "2017.??.??"]
[EventCountry "BLR"]
[SourceTitle "playchess.com"]
[Source "ChessBase"]
[SourceQuality "1"]

{[%evp 12,85,27,22,17,22,33,31,29,21,19,36,37,8,33,33,33,29,44,39,35,26,33,22,25,25,41,24,28,29,45,47,44,51,51,33,34,29,29,29,28,28,27,28,30,26,28,28,28,28,37,27,27,33,35,0,0,0,0,0,0,0,39,28,41,16,16,10,10,10,10,0,60,60,60,60]} 1. d4 Nf6 2. Nf3 g6 3. g3 Bg7 4. Bg2 O-O 5. O-O d6 6. b3 c5 7. c4 e5 {E60: King's Indian: Unusual lines and Fianchetto Variation without Nc3} (7... Nc6 8. Bb2 Ne4 9. Nbd2 Bf5 10. Nh4 Nxd2 11. Qxd2 Nxd4 12. Bxd4 Bxd4 13. Nxf5 gxf5 14. Rad1 Qd7 15. Bh3 e6 16. e3 Be5 17. f4 Bf6 18. Qxd6 Qxd6 19. Rxd6 Rfd8 20. Rfd1 Rxd6 21. Rxd6 Rd8 22. Rxd8+ Bxd8 {½-½ (22) Fridman,D (2596)-Saric,I (2652) Tallinn 2016}) 8. dxe5 dxe5 9. Qxd8 (9. Nxe5 Qxd1 10. Rxd1 Nfd7 $15) 9... Rxd8 10. Bb2 e4 11. Nfd2 Bf5 12. g4 Bxg4 13. Nxe4 Nxe4 14. Bxg7 Kxg7 15. Bxe4 Nd7 $146 16. Nc3 Rab8 17. Rfd1 Re8 18. Rd2 Nf6 19. Bg2 Bf5 20. Nb5 a6 21. Nd6 Re7 22. Nxf5+ gxf5 23. Rc1 Rbe8 24. Kf1 b6 25. Bc6 Rc8 26. Bf3 Rce8 27. Rcd1 Re6 28. Rd8 Rxd8 29. Rxd8 $11 {[%mdl 4096] Endgame KRB-KRN} Re8 30. Rd1 Re6 31. Bb7 Ne4 $1 32. Bxa6 Rh6 $1 {[%cal Rh6h2]} 33. Kg2 Rg6+ 34. Kf3 Ng5+ 35. Kg2 Ne4+ 36. Kf1 Rh6 $1 37. Bb7 Nc3 38. Rd7 Nxa2 39. Bd5 Rf6 $1 40. Ra7 Nb4 41. Bf3 Nc6 (41... Nc2 $11) 42. Bxc6 $1 $14 Rxc6 43. Rb7 {Precision: White = 68%, Black = 82%.} 1/2-1/2

[Event "EICC 2017"]
[Site "Minsk"]
[Date "2017.06.07"]
[Round "8"]
[White "Oparin, Grigoriy"]
[Black "Kobo, Ori"]
[Result "1/2-1/2"]
[WhiteElo "2604"]
[BlackElo "2476"]
[Annotator "TA"]
[PlyCount "91"]
[EventDate "2017.??.??"]
[EventCountry "BLR"]
[SourceTitle "playchess.com"]
[Source "ChessBase"]
[SourceQuality "1"]

{[%evp 26,91,0,0,7,0,0,0,0,-14,0,0,0,0,0,-20,0,0,0,0,0,0,0,0,0,0,0,-19,-8,-20,0,-24,0,-10,0,-7,0,0,0,0,0,-6,-6,-6,0,-27,-16,-12,-20,-22,-9,-48,0,0,0,-14,0,0,0,0,0,0,0,0,0,0,0,0]} 1. e4 e6 2. d4 d5 3. Nc3 Bb4 4. e5 c5 5. a3 Bxc3+ 6. bxc3 Qa5 7. Bd2 Qa4 8. Qb1 c4 9. h4 Nc6 {C18: French: 3 Nc3 Bb4: Main line: 7 h4 and 7 Qg4} 10. h5 h6 11. g3 Bd7 12. Bh3 O-O-O 13. Nf3 Nge7 14. O-O {LiveBook: 14 Games} Rdf8 15. Re1 Kb8 $146 ({Predecessor:} 15... g5 16. Nh2 f5 17. exf6 {1-0 (52) Svidler,P (2739)-Lima,D (2493) Khanty-Mansiysk 2011}) 16. Re2 Ka8 17. Kg2 Bc8 18. Qd1 Rh7 19. Bc1 b6 20. Qe1 Rg8 21. Nh2 {[%cal Bf3h2,Bh2g4,Bg4e3][%mdl 32]} Rhh8 22. Ng4 Rf8 23. Kh2 Kb7 24. Ne3 Ka8 25. Ng2 Kb7 26. f3 Ka8 27. Be3 {[%cal Bc1e3,Be3f2,Bf2g3][%mdl 32]} Kb7 28. Bf2 Rhg8 29. Qd2 Rh8 30. g4 Rh7 31. Bg3 Bd7 32. f4 f5 33. Ne3 fxg4 34. Bxg4 g6 35. Rf2 gxh5 36. Bxh5 Be8 37. Bxe8 Rxe8 38. Bh4 Rf7 39. f5 {The position is equal.} Nxf5 40. Nxf5 Rxf5 41. Rxf5 exf5 42. Rf1 Qxa3 43. Rxf5 Rf8 44. Qf2 Rxf5 45. Qxf5 Qxc3 46. Qd7+ {Precision: White = 51%, Black = 43%.} 1/2-1/2

[Event "EICC 2017"]
[Site "Minsk"]
[Date "2017.06.07"]
[Round "8"]
[White "Gledura, Benjamin"]
[Black "Ali Marandi, Cemil Can"]
[Result "1/2-1/2"]
[WhiteElo "2602"]
[BlackElo "2479"]
[Annotator "TA"]
[PlyCount "102"]
[EventDate "2017.??.??"]
[EventCountry "BLR"]
[SourceTitle "playchess.com"]
[Source "ChessBase"]
[SourceQuality "1"]

{[%evp 25,102,39,36,42,50,43,45,38,53,12,40,39,40,49,49,44,38,41,37,43,43,13,16,7,16,13,11,10,10,10,10,13,11,11,57,64,61,58,58,58,58,61,75,61,81,8,8,8,8,8,8,8,8,0,0,0,0,0,0,0,8,0,0,0,0,0,0,0,0,0,0,0,0,0,0,0,0,0,0]} 1. d4 d5 2. c4 c6 3. cxd5 cxd5 4. Bf4 Nc6 5. e3 Nf6 6. Nc3 a6 7. Be2 Bf5 8. Nf3 e6 9. Qb3 {D13: Slav Defence: Exchange variation without ...Bf5} Bd6 10. Bxd6 Qxd6 11. Qxb7 O-O 12. Qb3 Rfb8 13. Qa3 Qxa3 {LiveBook: 7 Games} 14. bxa3 Na7 (14... Ne4 15. Na4 Na7 16. Ne5 Nb5 {½-½ (103) Vidit,S (2670)-Korobov,A (2695) Dubai 2017}) 15. a4 {[#]} Ne4 $146 ({Predecessor:} 15... Nc6 16. O-O Rb2 {1-0 (34) Hera,I (2576)-Bobras,P (2535) Germany 2014}) 16. Nxe4 Bxe4 17. Nd2 Bc2 18. Nb3 Bxb3 19. axb3 Rxb3 20. Bxa6 Nc6 21. Be2 Rb2 22. Bd1 Nb4 {[#] White must now prevent ...Nd3+.} 23. O-O (23. Ra3 {feels hotter.} Nc6 24. O-O Na5 25. Re1 Rb1 26. Kf1) 23... Na2 24. Re1 g6 25. h4 (25. Re2 {looks sharper.} Rxe2 26. Bxe2 Rxa4 27. f3 Kf8 28. Kf1) 25... Kg7 26. g4 Nc3 27. Ra3 Nxd1 28. Rxd1 $11 {[%mdl 4096] Endgame KRR-KRR} Rc8 29. Raa1 Rcc2 30. Rdb1 Rxf2 {[#] ...Rg2+ is the strong threat.} 31. Rxb2 Rxb2 $14 {KR-KR} 32. a5 {[%cal Ba4a5,Ba5a6][%mdl 32]} Rb7 33. a6 Ra7 34. Kf2 g5 $1 35. hxg5 (35. Kg3 $16) 35... Kg6 $11 {The position is equal.} 36. Kf3 {Hoping for Kf4.} Kxg5 37. Ra5 f5 38. gxf5 Kxf5 39. e4+ Kf6 40. Ra1 dxe4+ 41. Kxe4 Ke7 42. Ke5 (42. Kd3 $5 {[%cal Rd3c4]} Kd6 43. Kc4 $11) 42... Kd7 43. Kf6 h5 44. Kg5 Kc6 45. Ra5 Kb6 46. Re5 Rxa6 47. Rxe6+ Kb7 48. Rxa6 Kxa6 49. Kxh5 {Kg5 would kill now.} Kb5 50. Kg5 Kc4 51. Kf5 {White threatens Ke5 and mate.} Kxd4 {Precision: White = 70%, Black = 84%.} 1/2-1/2

[Event "EICC 2017"]
[Site "Minsk"]
[Date "2017.06.07"]
[Round "8"]
[White "Ter-Sahakyan, Samvel"]
[Black "Harutjunyan, Gevorg"]
[Result "1-0"]
[WhiteElo "2598"]
[BlackElo "2472"]
[Annotator "TA"]
[PlyCount "75"]
[EventDate "2017.??.??"]
[EventCountry "BLR"]
[SourceTitle "playchess.com"]
[Source "ChessBase"]
[SourceQuality "1"]

{[%evp 12,75,19,22,18,16,39,31,31,31,34,27,27,25,58,55,58,62,61,42,81,81,114,87,106,107,104,55,137,48,84,55,312,316,316,312,316,316,273,194,194,189,200,177,177,177,187,179,183,200,333,346,354,352,357,319,527,474,474,471,460,460,1367,1323,6303,6370]} 1. e4 {[%cal Be2e4,Be4e5][%mdl 32]} c6 2. d4 d5 3. e5 Bf5 4. Nf3 e6 5. Be2 Nd7 6. O-O h6 7. Nbd2 Ne7 {B12: Caro-Kann: Advance Variation} 8. Nb3 Nc8 (8... Qc7 9. Bd2 g5 10. c4 a5 11. Rc1 dxc4 12. Bxc4 Bg7 13. Re1 O-O 14. h4 g4 {1-0 (39) Vachier Lagrave,M (2804)-Tomashevsky,E (2716) Doha 2016}) 9. a4 Be7 {White is slightly better.} 10. a5 a6 11. c4 O-O 12. Be3 Bh7 13. Nfd2 Na7 14. f4 Rc8 $146 ({Predecessor:} 14... f5 15. Bd3 g5 16. Nf3 g4 {½-½ (16) Sebag,M (2529)-Kallai,G (2462) France 2009}) 15. c5 f5 16. Bd3 Qe8 17. Kh1 Rc7 18. Rg1 Bd8 19. g4 Nc8 (19... fxg4 $14 20. Qxg4 Qf7) 20. Qe2 ({White should try} 20. Qc2 $16) 20... Nb8 21. Rg2 g6 $2 {[%mdl 8192] [#]} (21... fxg4 $1 $14 22. Bxh7+ (22. Rxg4 Bxd3 23. Qxd3 Ne7 $11) 22... Kxh7) 22. gxf5 $18 exf5 23. Qh5 Kg7 24. Rag1 Qe6 25. Nc1 Ne7 26. Ne2 Ng8 27. Nf3 Rcf7 28. b4 Nd7 29. Bf2 Re8 30. Bh4 Nf8 (30... Bc7 {keeps fighting.} 31. Bf2 Bd8) 31. Bxd8 Rxd8 32. Nh4 ({Not} 32. Qh4 Qe7 $16) 32... Ne7 33. Rg3 Bg8 $2 (33... Re8 34. Bc2 Kh8 35. Qxh6 Ng8) 34. Rh3 {[#] Threatening mate with Qxh6+!White is clearly winning.} Kh8 35. Qxh6+ Rh7 36. Qg5 Nd7 (36... Qf7 $142 37. Qf6+ Qg7) 37. Nxg6+ Qxg6 38. Qxe7 {Precision: White = 55%, Black = 34%.} ({Weaker is} 38. Qxg6 Nxg6 39. Bxf5 Rxh3 $16) 1-0

[Event "EICC 2017"]
[Site "Minsk"]
[Date "2017.06.07"]
[Round "8"]
[White "Lopez Martinez, Josep Manuel"]
[Black "Kharchenko, Boris"]
[Result "1-0"]
[WhiteElo "2597"]
[BlackElo "2468"]
[Annotator "TA"]
[PlyCount "87"]
[EventDate "2017.??.??"]
[EventCountry "BLR"]
[SourceTitle "playchess.com"]
[Source "ChessBase"]
[SourceQuality "1"]

{[%evp 15,87,26,22,0,7,0,0,-14,9,0,31,0,0,0,6,0,0,0,0,0,0,0,21,12,5,39,19,0,0,0,0,0,0,-51,-51,-35,-47,-29,-17,-28,25,16,58,4,89,19,46,13,32,0,87,83,77,88,83,54,323,337,351,346,359,391,381,375,394,371,389,365,381,383,584,575,558,557]} 1. c4 e5 2. g3 Nc6 3. Bg2 g6 4. Nc3 Bg7 5. e3 f5 6. Nge2 d6 7. d4 e4 8. b4 {A25: English Opening vs King's Indian with ...Nc6 but without early d3} Nf6 {LiveBook: 4 Games} 9. Qb3 (9. b5 Ne7 10. O-O O-O 11. a4 Be6 12. Qb3 Bf7 13. a5 a6 14. bxa6 bxa6 15. Qa4 Qd7 16. f3 exf3 17. Bxf3 {1-0 (63) Andreikin,D (2700)-Carlsen,M (2837) Astana 2012}) 9... Ne7 $146 ({Predecessor:} 9... O-O 10. a4 a5 11. b5 Nb4 12. O-O c5 13. Bb2 Be6 14. Rad1 Qc7 15. d5 Bf7 {1-0 (29) Eichler,C (2195)-Schuette,M (2215) Bayern 2002}) 10. a4 {The position is equal.} Be6 11. Ba3 Qd7 12. b5 g5 {[%cal Bg6g5,Bg5g4][%mdl 32]} 13. f3 exf3 14. Bxf3 Rb8 15. h4 g4 16. Bg2 Nh5 17. O-O O-O 18. Kh2 Ng6 19. Nd5 Bxd5 20. Bxd5+ ({Wrong is} 20. cxd5 $2 Qe7 $19) 20... Kh8 21. Rae1 c6 22. Bg2 Rbe8 23. bxc6 bxc6 24. Qd3 ({White should try} 24. Bb4 $11) 24... Qd8 $1 $15 {[#] White must now prevent ...Nxg3!} 25. Kg1 ({Avoid the trap} 25. Bxc6 $2 Nxg3 26. Kg1 Nxf1 $19) 25... Bh6 26. Bc1 $1 Qd7 27. Rf2 Ne7 (27... Nxg3 $142 28. Nxg3 f4) 28. Kh2 $11 Rf7 29. Ref1 (29. d5 $14) 29... Nf6 (29... d5 $1 $11 {remains equal.}) 30. Nc3 (30. d5 $16 {Strongly threatening dxc6.} cxd5 31. cxd5) 30... d5 31. cxd5 cxd5 32. Ba3 {[#] Bxe7 is the strong threat.} Ne4 (32... Nh5 $11) 33. Bxe4 $16 ({Much worse is} 33. Nxe4 $6 dxe4 34. Qb3 Nd5 $11) 33... fxe4 34. Qa6 $36 {[%mdl 2048] Keeping Black busy.} Rxf2+ 35. Rxf2 Bg7 $2 {[%mdl 8192]} ({Black should play} 35... Ng8 $1 $14) 36. Rf7 $18 Kg8 37. Rxe7 Rxe7 38. Bxe7 Qxe7 39. Nxd5 Qd7 40. Nf4 Bf8 41. Qc4+ Kh8 42. d5 Qb7 (42... Qe7 {is a better defense.} 43. Qc3+ Qg7) 43. Qxe4 Qb2+ 44. Ng2 {Precision: White = 44%, Black = 35%.} 1-0

[Event "EICC 2017"]
[Site "Minsk"]
[Date "2017.06.07"]
[Round "8"]
[White "Bogdanovich, Stanislav"]
[Black "Kessler, Luca"]
[Result "1-0"]
[WhiteElo "2596"]
[BlackElo "2431"]
[Annotator "TA"]
[PlyCount "45"]
[EventDate "2017.??.??"]
[EventCountry "BLR"]
[SourceTitle "playchess.com"]
[Source "ChessBase"]
[SourceQuality "1"]

{[%evp 17,45,93,99,92,105,94,116,74,92,82,149,116,117,116,130,118,233,229,230,205,239,234,524,426,407,408,418,360,995,998]} 1. Nc3 e5 2. Nf3 Nc6 3. d4 exd4 4. Nxd4 Bc5 5. Be3 Nxd4 6. Bxd4 Bxd4 7. Qxd4 Nf6 8. e4 {[%cal Be2e4,Be4e5][%mdl 32]} d6 9. O-O-O O-O 10. e5 {C47: Scotch Four Knights and Four Knights with 4 g3} Ne8 (10... Ng4 11. f4 Be6 12. h3 Qh4 13. g3 dxe5 14. Qg1 Qf6 15. hxg4 exf4 16. Bd3 h6 17. Rf1 Bxg4 18. Rxf4 {1-0 (31) Wall,G (2367)-Wheeler,J (2235) Torquay 2002}) 11. f4 Be6 12. Bd3 {White is better.} Qh4 $146 ({Predecessor:} 12... dxe5 13. Bxh7+ Kxh7 14. Qe4+ f5 15. Rxd8 fxe4 16. Rxa8 {1-0 (33) Tashima,V (1897)-Martins,L Novo Hamburgo 2008}) 13. g3 Qh3 ({Black should try} 13... dxe5 14. Qxe5 (14. gxh4 exd4 15. Ne4 Bd5 $17) 14... Qh6) 14. Ne4 {Black must now prevent Ng5.} dxe5 15. Qxe5 {Strongly threatening Ng5.} f6 16. Qc5 c6 {[#]} (16... Bf7 $16) 17. Rhe1 $1 $18 {[%cal Bh1e1,Be1e7,Be7b7][%mdl 32] aiming for Nf2.} Bd5 18. Nc3 Bf7 19. Re7 Qxh2 $2 (19... Qh5 20. Qxh5 Bxh5) 20. Rxb7 Qxg3 {[#]} 21. Bxh7+ $1 {[%mdl 512]} Kxh7 22. Qxf8 Qxf4+ $2 (22... Bh5) 23. Kb1 1-0

[Event "EICC 2017"]
[Site "Minsk"]
[Date "2017.06.07"]
[Round "8"]
[White "Buhmann, Rainer"]
[Black "Diermair, Andreas"]
[Result "0-1"]
[WhiteElo "2596"]
[BlackElo "2472"]
[Annotator "TA"]
[PlyCount "134"]
[EventDate "2017.??.??"]
[EventCountry "BLR"]
[SourceTitle "playchess.com"]
[Source "ChessBase"]
[SourceQuality "1"]

{[%evp 23,134,8,16,0,0,0,0,0,0,0,0,0,0,-16,-4,-39,8,8,8,9,16,-6,45,42,45,37,44,37,47,37,34,34,35,19,21,24,53,53,53,53,53,42,48,48,39,30,37,28,29,13,17,13,15,0,31,27,21,10,33,19,29,0,32,0,0,0,0,0,0,0,0,0,0,0,0,0,0,0,0,0,0,0,0,0,0,0,0,0,0,-206,-220,-237,-232,-275,-271,-265,-225,-297,-180,-231,-214,-444,-447,-410,-368,-368,-358,-29980,-29981,-29977,-29976,-29975,-29978]} 1. Nf3 d5 2. d4 Nf6 3. c4 e6 4. g3 Bb4+ 5. Bd2 Bd6 6. Bg2 O-O 7. O-O Nbd7 8. Qc2 c6 9. Bg5 h6 10. Bxf6 Nxf6 11. Nbd2 b6 {E01: Catalan: Early deviations} 12. e4 Be7 {LiveBook: 38 Games} 13. Rfe1 $146 ({Predecessor:} 13. e5 Nd7 14. cxd5 cxd5 15. Rfc1 Nb8 16. Bf1 Bd7 17. a3 Nc6 18. Qd3 a6 19. Be2 {½-½ (34) Tomashevsky,E (2724)-Neiksans,A (2624) Germany 2016}) 13... Bb7 {The position is equal.} 14. e5 Nd7 15. cxd5 cxd5 16. Bf1 Nb8 17. a3 Qd7 18. b4 {[%cal Bb2b4,Bb4b5][%mdl 32]} Bc6 19. Rec1 a6 20. Qb2 Ra7 21. Rc3 Rc7 22. a4 a5 (22... Ra7 $11) 23. b5 $14 Bb7 24. Rxc7 Qxc7 25. Rc1 Qd7 26. Bd3 Rc8 27. Nb3 {[%cal Bd2b3,Bb3c1,Bc1e2,Be2f4][%mdl 32]} Bb4 28. Rxc8+ Qxc8 29. Nc1 Nd7 30. Ne2 Nf8 31. h4 Qc7 32. Qb1 Bc8 {[%cal Bb7c8,Bc8d7,Bd7e8][%mdl 32]} 33. Kg2 Bd7 34. Qd1 Be8 35. Nf4 Qc3 36. Qe2 Qa1 37. Qc2 {Black must now prevent Qc7.} Qc3 38. Qe2 Qa1 39. Bc2 Qc3 40. Qd1 Kh8 41. g4 {[%cal Bg3g4,Bg4g5][%mdl 32]} f6 42. g5 (42. Ne2 $5 {[%cal Re2c3]} Qc4 43. h5 $14) 42... Qc7 43. Qd3 {Strongly threatening Nxe6!} f5 44. h5 hxg5 45. Nxg5 Qe7 46. Qg3 Bd2 47. Bd1 {[%cal Bc2d1,Bd1f3,Bf3d5][%mdl 32]} Kg8 48. Bf3 Bxf4 49. Qxf4 Qa3 50. Qg3 Qxa4 {[#]} 51. Nxe6 $1 {[%mdl 512]} Nxe6 52. Bxd5 Qxd4 (52... Bf7 $2 53. Bxe6 Qb4 54. Bxf7+ (54. Bxf5 Bd5+ 55. Kh3 Qb3 $16) 54... Kxf7 55. Qg6+ Kg8 56. Qxb6 $18) 53. Bxe6+ Kf8 {Threatens to win with ...Qg4.} 54. Bxf5 Bxh5 55. Qa3+ Ke8 56. Qa2 $2 (56. Qg3 $11) 56... Qxe5 $19 57. Qc2 {intending Bg6+.} Bf7 ({Much less strong is} 57... Qxb5 58. Qc8+ Ke7 59. Qe6+ Kf8 60. Qd6+ Kg8 61. Bd3) ({Resist} 57... Qd5+ 58. Be4 $17) 58. Qc6+ Ke7 {Hoping for ...Bd5+.} 59. Be4 Qd6 {And now ...Qxc6 would win.} 60. Qc3 g6 {aiming for ...a4.} 61. Qe3 (61. Bc2 $142) 61... Kf8 ({Don't play} 61... Qe5 62. Kf3) 62. f4 $2 (62. Qf3 {is a better defense.}) 62... a4 {[%cal Ba5a4,Ba4a3,Ba3a2][%mdl 32]} 63. f5 gxf5 64. Bxf5 a3 65. Be4 $2 {[#]} (65. Bb1 $19) 65... a2 {Black mates.} 66. Qc3 Qf4 67. Bf3 Qg5+ {Precision: White = 46%, Black = 66%.} 0-1

[Event "EICC 2017"]
[Site "Minsk"]
[Date "2017.06.07"]
[Round "8"]
[White "Prohaszka, Peter"]
[Black "Riazantsev, Alexander"]
[Result "1/2-1/2"]
[WhiteElo "2596"]
[BlackElo "2659"]
[Annotator "TA"]
[PlyCount "29"]
[EventDate "2017.??.??"]
[EventCountry "BLR"]
[SourceTitle "playchess.com"]
[Source "ChessBase"]
[SourceQuality "1"]

{[%evp 10,29,-2,-3,-2,7,12,0,29,29,34,28,26,25,39,35,66,68,53,58,56,56]} 1. d4 d5 2. Bf4 c5 3. c3 Nc6 4. e3 Bf5 (4... Nf6 5. Nd2 e6 6. Ngf3 Bd6 7. Bg3 O-O 8. Bb5 Ne7 9. Bd3 b6 10. e4 Bxg3 11. hxg3 dxe4 12. Nxe4 Ng6 13. dxc5 Bb7 14. Nxf6+ Qxf6 15. cxb6 e5 16. Bxg6 hxg6 {0-1 (23) Carlsen,M (2840)-Korobov,A (2692) Doha 2016}) 5. Qb3 Qd7 6. Nf3 {LiveBook: 4 Games. D00: 1 d4 d5: Unusual lines} f6 7. Nbd2 e6 $146 ({Predecessor:} 7... c4 8. Qd1 Bg4 9. Be2 e6 10. e4 Nge7 11. h3 Bh5 12. Bh2 {0-1 (27) Martin Martin,L (2021)-Arata,R (2205) Benidorm 2012}) 8. h3 {The position is equal.} Rc8 9. Bh2 Bg6 10. Be2 Nh6 11. O-O Be7 12. c4 {White is slightly better.} Na5 13. Qc3 $1 {[%cal Rc3a5]} Nxc4 14. Nxc4 dxc4 15. Rfd1 1/2-1/2

[Event "EICC 2017"]
[Site "Minsk"]
[Date "2017.06.07"]
[Round "8"]
[White "Pantsulaia, Levan"]
[Black "Pacher, Milan"]
[Result "1/2-1/2"]
[WhiteElo "2594"]
[BlackElo "2450"]
[Annotator "TA"]
[PlyCount "173"]
[EventDate "2017.??.??"]
[EventCountry "BLR"]
[SourceTitle "playchess.com"]
[Source "ChessBase"]
[SourceQuality "1"]

{[%evp 32,172,0,-4,100,85,72,95,133,125,130,128,114,89,118,57,40,69,54,11,65,0,30,15,50,42,43,56,97,124,235,245,220,76,76,76,76,76,76,76,71,68,75,82,82,71,82,82,82,82,82,82,82,82,82,82,82,82,82,82,82,71,82,39,97,97,97,97,97,97,97,97,97,97,97,97,97,97,97,97,97,97,97,27,27,27,27,27,27,27,27,27,27,27,27,0,0,0,27,0,27,27,27,27,27,27,27,27,27,27,27,27,27,27,27,28,34,0,0,0,0,0,0,0,0,0,0,0,8,8,8,0,0,0,0,0,0,0,0,0,0,0,0]} 1. c4 g6 2. Nc3 Bg7 3. g3 c5 4. Bg2 Nc6 5. Nf3 e5 6. O-O Nge7 7. d3 d6 8. a3 a5 9. Rb1 O-O 10. Bd2 h6 11. Ne1 Be6 12. Nc2 d5 {A37: Symmetrical English vs ...g6: 4 Bg2 Bg7 5 Nf3} 13. cxd5 Nxd5 14. Ne3 (14. b4 cxb4 15. Nxd5 Bxd5 16. axb4 Bxg2 17. Kxg2 a4 18. b5 Nd4 19. Bb4 Re8 20. Ba3 {0-1 (62) Dizdar,G (2509)-Papp,G (2583) Austria 2017}) 14... Nde7 15. Na4 b6 16. b4 cxb4 17. axb4 {LiveBook: 20 Games} Ra7 (17... b5 $1 $11 18. Nc5 a4) 18. bxa5 $16 bxa5 19. Nc5 Qd6 20. Nxe6 Qxe6 {[#]} 21. Qa4 $146 Nd4 22. Rfe1 f5 23. Qc4 ({Inferior is} 23. Bxa5 e4 $11) (23. Nc2 $16) 23... Qxc4 $14 24. Nxc4 a4 25. Bb4 {aiming for Bc5.} Rc8 ({Black should try} 25... Nc2 $11) 26. Na3 (26. Bxe7 $1 $14 Rxe7 27. e3) 26... Bf8 27. Rb2 Rac7 28. e3 Nb3 29. Nc4 e4 30. Nb6 exd3 (30... Re8 $16 {keeps fighting.}) 31. Nxc8 $18 Rxc8 32. Bxe7 (32. Ra2 $18) 32... Bxe7 $16 33. Bd5+ Kf8 34. Bxb3 Rb8 35. Rd1 Bf6 36. Rbb1 axb3 37. Rxd3 $14 {[%mdl 4096] Endgame KRR-KRB} b2 38. Kf1 Rc8 39. Ke2 Rc1 40. Rd1 Rc2+ 41. Rd2 Rc1 42. Rdxb2 Bxb2 43. Rxb2 $16 {KR-KR} Kg7 44. Rb4 Rc2+ 45. Kf3 h5 46. h3 {[%cal Bh2h3,Bh3g4][%mdl 32]} Kf6 47. g4 hxg4+ (47... fxg4+ $14 48. hxg4 h4) 48. hxg4 Kg5 {[#]} 49. Kg3 $1 Rc1 50. f4+ Kf6 51. Rb6+ Kf7 52. Rb7+ Ke6 53. g5 Rc6 54. Kf3 Ra6 55. Rg7 Kd5 56. Re7 Rb6 57. e4+ ({White should play} 57. Rf7 $16) 57... fxe4+ $1 $11 58. Rxe4 Kd6 59. Kg4 Rb1 60. Re8 Kd7 61. Re3 (61. Rg8 {feels hotter.} Rb6 62. Rg7+ Ke8 63. Kg3 Kf8 64. Rd7) 61... Rg1+ 62. Rg3 Rf1 63. Rf3 Rg1+ 64. Rg3 Rf1 65. Re3 Rg1+ 66. Kf3 Rf1+ 67. Kg3 Rg1+ 68. Kf2 Ra1 69. Kg2 Rb1 70. Re5 Rb2+ 71. Kf3 Rb3+ 72. Kg4 Rb4 73. Re1 Rb3 74. f5 Rb4+ {The position is equal.} 75. Kf3 gxf5 76. Re5 Kd6 77. Rxf5 {And now Rf7 would win.} (77. Ra5 {seems wilder.} Ke6 78. Ra6+ Ke5 79. Kg3 Rg4+ 80. Kf3) 77... Ke6 78. Rf6+ (78. Rf8 {is more complex.} Ke7 79. Rf6 Kd7 80. Rf7+ Ke8 81. Ra7) 78... Ke7 79. Kg3 Rb8 80. Kg4 {Hoping for Kh5.} Rf8 $1 81. Rxf8 Kxf8 {KP-K} 82. Kf5 Kf7 83. g6+ Kg7 $2 {[%mdl 8192]} (83... Kg8) 84. Kg5 Kg8 85. Kh6 {Threatening mate with g7.} Kh8 86. g7+ Kg8 87. Kg6 {Precision: White = 55%, Black = 61%.} 1/2-1/2